<?xml version="1.0" encoding="UTF-8"?><?xml-stylesheet type="text/xsl" href="static/style.xsl"?><OAI-PMH xmlns="http://www.openarchives.org/OAI/2.0/" xmlns:xsi="http://www.w3.org/2001/XMLSchema-instance" xsi:schemaLocation="http://www.openarchives.org/OAI/2.0/ http://www.openarchives.org/OAI/2.0/OAI-PMH.xsd"><responseDate>2026-04-13T13:39:20Z</responseDate><request verb="GetRecord" identifier="oai:www.recercat.cat:10256/12070" metadataPrefix="marc">https://recercat.cat/oai/request</request><GetRecord><record><header><identifier>oai:recercat.cat:10256/12070</identifier><datestamp>2024-05-22T11:08:29Z</datestamp><setSpec>com_2072_452966</setSpec><setSpec>com_2072_2054</setSpec><setSpec>col_2072_452968</setSpec></header><metadata><record xmlns="http://www.loc.gov/MARC21/slim" xmlns:dcterms="http://purl.org/dc/terms/" xmlns:xsi="http://www.w3.org/2001/XMLSchema-instance" xmlns:doc="http://www.lyncode.com/xoai" xsi:schemaLocation="http://www.loc.gov/MARC21/slim http://www.loc.gov/standards/marcxml/schema/MARC21slim.xsd">
   <leader>00925njm 22002777a 4500</leader>
   <datafield ind2=" " ind1=" " tag="042">
      <subfield code="a">dc</subfield>
   </datafield>
   <datafield ind2=" " ind1=" " tag="720">
      <subfield code="a">Bataller Quiñones, Joan</subfield>
      <subfield code="e">author</subfield>
   </datafield>
   <datafield ind2=" " ind1=" " tag="260">
      <subfield code="c">2015-09</subfield>
   </datafield>
   <datafield ind2=" " ind1=" " tag="520">
      <subfield code="a">Aquest treball de final de grau està ambientat en una proposta de projecte europeu&#xd;
anomenat Companions/MATE. Aquest neix de la necessitat de buscar una solució en el&#xd;
camp de la robòtica de rescat on els grups de recerca VICOROB i ARLab hi estan&#xd;
involucrats.&#xd;
Després d’un desastre natural com podria ser un terratrèmol o bé un tsunami, l’índex&#xd;
de mortalitat s’incrementa considerablement després de 48 hores. Una ràpida i&#xd;
efectiva gestió dels equips de rescat és de màxima importància. Avui en dia els equips&#xd;
de rescat i d’exploració normalment utilitzen gossos ensinistrats com a companys per&#xd;
trobar les víctimes. Els gossos ensinistrats són molt útils en aquestes situacions degut a&#xd;
la seva alta mobilitat, velocitat i capacitat de detecció mitjançant l’olfacte. No obstant&#xd;
necessiten instruccions i supervisió constant. D’altre banda, es poden trobar en&#xd;
algunes situacions perilloses i no són capaços de recollir dades precises del terreny per&#xd;
on es mouen. En comptes d’intentar construir aparells que puguin substituir el gos, el&#xd;
projecte Companions/MATE busca la cooperació entre gossos ensinistrats i robots.&#xd;
&#xd;
L’objectiu del projecte és adequar una aeronau de ràdio control de tipus drone per tal &#xd;
que pugui fer el seguiment dels moviments d’un gos ensinistrat sobre l’entorn&#xd;
d’operació mitjançant tècniques de visió per computador. Amb aquest sistema es pot&#xd;
tenir localitzat el gos ensinistrat en qualsevol moment i tenir la possibilitat de disposar&#xd;
d’un canal de comunicació per a l’intercanvi de dades en tot moment entre tots els&#xd;
elements del conjunt</subfield>
   </datafield>
   <datafield ind1="8" ind2=" " tag="024">
      <subfield code="a">http://hdl.handle.net/10256/12070</subfield>
   </datafield>
   <datafield tag="653" ind2=" " ind1=" ">
      <subfield code="a">Robots mòbils -- Sistemes de control</subfield>
   </datafield>
   <datafield tag="653" ind2=" " ind1=" ">
      <subfield code="a">Gossos de rescat</subfield>
   </datafield>
   <datafield tag="653" ind2=" " ind1=" ">
      <subfield code="a">Visió per ordinador</subfield>
   </datafield>
   <datafield tag="653" ind2=" " ind1=" ">
      <subfield code="a">Avions no tripulats</subfield>
   </datafield>
   <datafield tag="653" ind2=" " ind1=" ">
      <subfield code="a">Mobile robots -- Control systems</subfield>
   </datafield>
   <datafield tag="653" ind2=" " ind1=" ">
      <subfield code="a">Rescue dogs</subfield>
   </datafield>
   <datafield tag="653" ind2=" " ind1=" ">
      <subfield code="a">Computer vision</subfield>
   </datafield>
   <datafield tag="653" ind2=" " ind1=" ">
      <subfield code="a">Drone aircraft</subfield>
   </datafield>
   <datafield ind2="0" ind1="0" tag="245">
      <subfield code="a">Drone de suport a les tasques de rescat d’un gos ensinistrat i un robot terrestre</subfield>
   </datafield>
</record></metadata></record></GetRecord></OAI-PMH>